| 000 | 01658nam0a2200313 i 4500 | ||
|---|---|---|---|
| 001 | RU\NLR\BIBL_A\011466670 | ||
| 005 | 20260405093637.0 | ||
| 010 |
_a9785992903956 _9100 |
||
| 021 |
_aRU _b2017-58015 _94120 |
||
| 035 | _a(RuMoRGB)008956182 | ||
| 035 | _a(NLR Aleph) 011466670 | ||
| 090 |
_a11832653 _c11832653 |
||
| 100 | _a20170906d2017 um y0rusy50 ca | ||
| 101 | 0 | _arus | |
| 102 | _aRU | ||
| 105 | _ay|||j|||000zy | ||
| 200 | 1 |
_aМуниципальное право _e[учебник] _fП. А. Астафичев, Т. А. Гусева _gМинистерство образования и науки Российской Федерации, Федеральное государственное бюджетное образовательное учреждение высшего образования "Орловский государственный университет имени И. С. Тургенева" |
|
| 210 |
_aОрёл _cОГУ имени И. С. Тургенева _d2017 |
||
| 215 |
_a309 с. _d21 |
||
| 320 | _aБиблиогр.: с. 309 | ||
| 606 |
_aМуниципальное право _jУчебники для высших учебных заведений _yРоссийская Федерация _92083414 _3RU\NLR\AUTH\661259470 |
||
| 686 |
_aХ620.612.2я73-1 _2rubbk |
||
| 686 | 1 | _aХ621.011.2я73 | |
| 700 | 1 |
_aАстафичев _bП. А. _f1968- _gПавел Александрович |
|
| 701 | 1 |
_4070 _7ca _8rus _aГусева _bТ. А. _cд-р юрид. наук _gТатьяна Алексеевна _917536 _3RU\NLR\AUTH\7734533 |
|
| 942 | _cBOOK | ||
| 980 | _aNBR | ||